Fray Luis de León teólogo (Record no. 112435)

MARC details
000 -LEADER
campo de control de longitud fija 00755nam a2200205 i 4500
001 - NÚMERO DE CONTROL
campo de control 112435
003 - IDENTIFICADOR DE NÚMERO DE CONTROL
campo de control ES-MaACL
005 - FECHA Y HORA DE LA ÚLTIMA TRANSACCIÓN
campo de control 20250624194251.0
007 - CAMPO FIJO DE DESCRIPCIÓN FÍSICA--INFORMACIÓN GENERAL
campo de control de longitud fija t|
008 - DATOS DE LONGITUD FIJA--INFORMACIÓN GENERAL
campo de control de longitud fija 061121s1950 sp |||| | spa d
100 1# - ENTRADA PRINCIPAL--NOMBRE DE PERSONA
Nombre de persona Muñoz Iglesias, Salvador.
9 (RLIN) 84436
245 10 - MENCIÓN DEL TÍTULO
Título Fray Luis de León teólogo
Resto del título : personalidad teológica /
Mención de responsabilidad, etc. Salvador Muñoz Iglesias.
260 ## - PUBLICACIÓN, DISTRIBUCIÓN, ETC.
Lugar de publicación, distribución, etc. Madrid :
Nombre del editor, distribuidor, etc. [s.n.],
Fecha de publicación, distribución, etc. 1950 (
Fabricante Gráf. Versal)
300 ## - DESCRIPCIÓN FÍSICA
Extensión XXIV, 284 p. ;
Dimensiones 25 cm.
594 ## - Nota al título y mención de responsabilidad
Nota al título y mención de responsabilidad Precede al tít.: Consejo Superior de Investigaciones Cientificas. Instituto Francisco Suárez.
600 14 - PUNTO DE ACCESO ADICIONAL DE MATERIA--NOMBRE DE PERSONA
Nombre de persona León, Luis de,
Fechas asociadas al nombre 1527-1591-
Subdivisión general Crítica e interpretación
9 (RLIN) 71582
710 2# - ENTRADA AGREGADA--NOMBRE DE ENTIDAD CORPORATIVA
Nombre de entidad corporativa o nombre de jurisdicción como elemento de entrada Instituto "Francisco Suárez"
9 (RLIN) 5062
852 ## - LOCALIZACIÓN
Ubicación ES-MaACL
Número de control de estantería C-7537
Holdings
Estatus retirado Estado de pérdida Estado de daño No para préstamo Biblioteca de origen Biblioteca actual Ubicación en estantería Fecha de adquisición Fuente de adquisición Total de préstamos Signatura topográfica completa Código de barras Visto por última vez Precio de reemplazo Tipo de ítem Koha
        Biblioteca del Ateneo de Madrid Biblioteca del Ateneo de Madrid Sala Palomar 17/01/2008     C-7537 1117286 23/02/2023 23/02/2023 Libro impreso